Sejarah Tenggara Asia, 1500-1945. (Record no. 76670)

MARC details
000 -LEADER
fixed length control field 00818cam a22002411 4500
001 - CONTROL NUMBER
control field sa 67007576
003 - CONTROL NUMBER IDENTIFIER
control field DLC
005 - DATE AND TIME OF LATEST TRANSACTION
control field 20260227112417.0
008 - FIXED-LENGTH DATA ELEMENTS--GENERAL INFORMATION
fixed length control field 761018s1964 io abc 000 0 ind
010 ## - LIBRARY OF CONGRESS CONTROL NUMBER
LC control number sa 67007576
035 ## - SYSTEM CONTROL NUMBER
System control number (OCoLC)2510384
040 ## - CATALOGING SOURCE
Original cataloging agency DLC
Transcribing agency IDeKN
Modifying agency DLC
042 ## - AUTHENTICATION CODE
Authentication code premarc
050 00 - LIBRARY OF CONGRESS CALL NUMBER
Classification number DS511
Item number .H87
100 0# - MAIN ENTRY--PERSONAL NAME
Personal name Hussein Ahmad.
245 10 - TITLE STATEMENT
Title Sejarah Tenggara Asia, 1500-1945.
260 ## - PUBLICATION, DISTRIBUTION, ETC.
Place of publication, distribution, etc. [Kota Bharu?]
Name of publisher, distributor, etc. Penerbit Kelantan
Date of publication, distribution, etc. [1964]
300 ## - PHYSICAL DESCRIPTION
Extent 273 p.,
Other physical details illus., maps, ports.,
Dimensions 19 cm.
500 ## - GENERAL NOTE
General note On verso of t. p.: Pustaka Aman.
500 ## - GENERAL NOTE
General note "Mengikut sukatan pelajaran tawarikh yang telah di-kaji sa-mula bagi tahun 1964 dan 1965, untok pepereksaan F. M. C. dan O. S. C., tingkatan v."
500 ## - GENERAL NOTE
General note "Bahan bachaan dan petekan": p. [3]
651 #0 - SUBJECT ADDED ENTRY--GEOGRAPHIC NAME
Geographic name Southeast Asia
General subdivision History.

No items available.

Powered by Koha